[Event "Vergeze Gard-chA"]
[Site "Vergeze"]
[Date "2012.05.18"]
[Round "3"]
[White "Lenfant, Francois"]
[Black "Montsma, Foppe Jan"]
[Result "1-0"]
[WhiteElo "2086"]
[BlackElo "1947"]
[PlyCount "75"]
[EventDate "2012.05.17"]
[EventType "tourn"]
[EventRounds "7"]
[EventCountry "FRA"]
[SourceTitle "EXT 2013"]
[Source "ChessBase"]
[SourceDate "2012.11.22"]
[SourceVersion "1"]
[SourceVersionDate "2012.11.22"]
[SourceQuality "1"]

1. d4 d6 2. c4 g6 3. Nf3 Bg7 4. g3 f5 5. Bg2 c6 6. 0-0 Nf6 7. Nc3 0-0 8. Qc2 Na6 9. a3 Nc7 10. Rd1 Qe8 11. d5 c5 12. Rb1 a5 13. b4 cxb4 14. axb4 axb4 15. Rxb4 Ne4 16. Nxe4 fxe4 17. Qxe4 Na6 18. Rb5 h6 19. Bb2 Nc5 20. Qe3 Qf7 21. Bxg7 Qxg7 22. Nd4 Ra4 23. Qc1 Bd7 24. Rb1 g5 25. Qc2 Qf6 26. f3 Rfa8 27. Qb2 Rxc4 28. Ra1 Rxa1 29. Qxa1 Ra4 30. Qb2 Qg7 31. Qd2 Kh7 32. Ne6 Bxe6 33. dxe6 Qe5 34. Bh3 Kg7 35. Qc2 Rb4 36. Rd2 Nxe6 37. Bxe6 Qxe6 38. Qc3+ 1-0

[Event "Vergeze Gard-chA"]
[Site "Vergeze"]
[Date "2012.05.17"]
[Round "1"]
[White "Mora, Pascal"]
[Black "Lenfant, Francois"]
[Result "1-0"]
[WhiteElo "2082"]
[BlackElo "2086"]
[PlyCount "45"]
[EventDate "2012.05.17"]
[EventType "tourn"]
[EventRounds "7"]
[EventCountry "FRA"]
[SourceTitle "EXT 2013"]
[Source "ChessBase"]
[SourceDate "2012.11.22"]
[SourceVersion "1"]
[SourceVersionDate "2012.11.22"]
[SourceQuality "1"]

1. e4 c6 2. d4 d5 3. e5 Bf5 4. f4 h5 5. Bd3 Bxd3 6. Qxd3 e6 7. Nf3 Nh6 8. Nbd2 Qb6 9. c3 Qa6 10. Qc2 Nf5 11. Nf1 c5 12. Ne3 Nxe3 13. Bxe3 cxd4 14. Nxd4 Nd7 15. a4 Be7 16. Nb5 Qc6 17. Nxa7 Rxa7 18. Bxa7 b6 19. a5 Qc4 20. Qa4 Qd3 21. Bxb6 Bh4+ 22. g3 Qf3 23. Rf1 1-0

[Event "Vitrolles"]
[Site "Vitrolles"]
[Date "2011.05.07"]
[Round "9"]
[White "Lenfant, Francois"]
[Black "Chauvet, Vincent"]
[Result "0-1"]
[WhiteElo "2095"]
[BlackElo "2075"]
[PlyCount "134"]
[EventDate "2010.10.09"]
[EventType "tourn"]
[EventRounds "9"]
[EventCountry "FRA"]
[SourceTitle "EXT 2012"]
[Source "ChessBase"]
[SourceDate "2011.11.24"]
[SourceVersion "1"]
[SourceVersionDate "2011.11.24"]
[SourceQuality "1"]

1. Nf3 Nf6 2. c4 c6 3. d4 d5 4. e3 e6 5. Bd3 Nbd7 6. Nbd2 Bd6 7. 0-0 0-0 8. b3 Re8 9. Bb2 e5 10. cxd5 e4 11. dxc6 bxc6 12. Nxe4 Nxe4 13. Bxe4 Rxe4 14. Qc2 Re6 15. e4 Bb7 16. Rfe1 Rg6 17. Rad1 Qa5 18. e5 Bb4 19. Re3 Be7 20. h4 Qd5 21. h5 Rh6 22. Qf5 Qe6 23. Qxe6 Rxe6 24. g4 Nb6 25. Kh2 Nd5 26. Ree1 Ba6 27. a3 Rb8 28. b4 Nf4 29. Re3 g6 30. hxg6 hxg6 31. Rd2 Kg7 32. Kg3 Nd5 33. Re1 Rh8 34. Rdd1 Bb5 35. Rh1 Rxh1 36. Rxh1 Nb6 37. Bc1 Bd8 38. Ne1 Re8 39. Bh6+ Kg8 40. f4 f5 41. Nf3 Be2 42. Ng5 Bxg4 43. Rc1 Bxg5 44. Bxg5 Re6 45. b5 cxb5 46. Rc7 a6 47. Rb7 Bd1 48. Rb8+ Kf7 49. Rd8 Bb3 50. Rb8 Bd5 51. Rh8 Rc6 52. Rh7+ Kg8 53. Ra7 Rc3+ 54. Kh4 Rxa3 55. Bd8 Nc4 56. Kg5 Rg3+ 57. Kf6 Nd2 58. e6 Ne4+ 59. Ke5 Bxe6 60. Kxe6 Re3 61. d5 b4 62. Bb6 Rd3 63. Rxa6 b3 64. Ra8+ Kh7 65. Bc7 Nc5+ 66. Kd6 b2 67. Rb8 Rb3 0-1

[Event "Montpellier op"]
[Site "Montpellier"]
[Date "2007.12.28"]
[Round "6"]
[White "Touzane, Olivier"]
[Black "Lenfant, Francois"]
[Result "1-0"]
[WhiteElo "2325"]
[BlackElo "2117"]
[PlyCount "63"]
[EventDate "2007.12.26"]
[EventType "swiss"]
[EventRounds "7"]
[EventCountry "FRA"]
[SourceTitle "CBM 122 Extra"]
[Source "ChessBase"]
[SourceDate "2008.03.04"]
[SourceVersion "1"]
[SourceVersionDate "2008.03.04"]
[SourceQuality "1"]

1. d4 Nf6 2. Nf3 b6 3. c4 e6 4. a3 Bb7 5. Nc3 d5 6. Bg5 Be7 7. Qc2 0-0 8. 0-0-0 Nbd7 9. h4 c6 10. cxd5 cxd5 11. Kb1 b5 12. Ne5 Re8 13. e3 a6 14. Nxd7 Nxd7 15. Bd3 Nf8 16. Rh3 Qa5 17. Bxe7 Rxe7 18. Qd2 Qb6 19. h5 Bc6 20. e4 a5 21. exd5 exd5 22. h6 g6 23. Qg5 b4 24. Bxg6 fxg6 25. Nxd5 Bxd5 26. Qxd5+ Qe6 27. Qxa8 b3 28. Rf3 Rf7 29. Rxf7 Qxf7 30. Qf3 Qe6 31. d5 Qb6 32. d6 1-0

[Event "Bouches du Rhone op 0607"]
[Site "Bouches du Rhone"]
[Date "2006.10.21"]
[Round "1"]
[White "Lenfant, Francois"]
[Black "Mazeau, Geoffroy"]
[Result "1-0"]
[WhiteElo "2106"]
[BlackElo "1837"]
[PlyCount "83"]
[EventDate "2006.10.21"]
[EventType "swiss"]
[EventRounds "9"]
[EventCountry "FRA"]
[SourceTitle "EXT 2008"]
[Source "ChessBase"]
[SourceDate "2007.11.25"]
[SourceVersion "1"]
[SourceVersionDate "2007.11.25"]
[SourceQuality "1"]

1. c4 g6 2. g3 Bg7 3. Bg2 Nf6 4. Nc3 c6 5. Nf3 0-0 6. 0-0 d5 7. d4 dxc4 8. a4 a5 9. Bg5 Na6 10. Qd2 Nc7 11. Bh6 Be6 12. Bxg7 Kxg7 13. e4 Qc8 14. Ng5 h6 15. Nxe6+ Nxe6 16. e5 Nd7 17. Rfe1 Rd8 18. Rad1 Qc7 19. d5 Nxe5 20. Qe2 Nd3 21. dxe6 Nxe1 22. Rxe1 fxe6 23. Qxe6 Re8 24. Qxc4 Rad8 25. Ne4 Qe5 26. Qc1 Qd4 27. Nc5 e5 28. Nxb7 Rb8 29. Rd1 Qg4 30. h3 Qb4 31. Nc5 Re7 32. Na6 Qxb2 33. Nxb8 Qxb8 34. Qxc6 Qc7 35. Qxc7 Rxc7 36. Rd5 Ra7 37. Rxe5 Kf6 38. Rb5 g5 39. Rb6+ Kg7 40. Rb7+ Rxb7 41. Bxb7 Kf6 42. Kf1 1-0

[Event "FRA-chT2S 9900"]
[Site "France"]
[Date "1999.10.17"]
[Round "1"]
[White "Lenfant, Francois"]
[Black "Desnos, Nicolas"]
[Result "0-1"]
[WhiteElo "2115"]
[BlackElo "2085"]
[PlyCount "88"]
[EventDate "1999.01.15"]
[EventType "team"]
[EventRounds "7"]
[EventCountry "FRA"]
[SourceTitle "EXT 2002"]
[Source "ChessBase"]
[SourceDate "2001.11.25"]
[SourceVersion "1"]
[SourceVersionDate "2001.11.25"]
[SourceQuality "1"]

1. c4 Nf6 2. g3 g6 3. Bg2 Bg7 4. Nc3 c6 5. e4 d6 6. Nge2 e5 7. 0-0 Be6 8. d3 Na6 9. h3 h5 10. Be3 Qd7 11. h4 Ng4 12. Bg5 f6 13. Bd2 Bh6 14. Rb1 Qg7 15. Bxh6 Nxh6 16. b4 g5 17. b5 Nb8 18. bxc6 bxc6 19. Qb3 0-0 20. Qb7 Qxb7 21. Rxb7 Na6 22. Na4 Rfb8 23. Rfb1 Bc8 24. Rxb8 Rxb8 25. Rxb8 Nxb8 26. hxg5 fxg5 27. c5 dxc5 28. Nxc5 Na6 29. Nxa6 Bxa6 30. Nc1 Kf7 31. f3 Ke7 32. Kf2 Nf7 33. Ke3 c5 34. Bh3 Nd8 35. Ne2 Nc6 36. a3 Nd4 37. Nxd4 cxd4+ 38. Kd2 h4 39. gxh4 gxh4 40. Ke2 Kf6 41. Bf1 Kg5 42. Kf2 Kf4 43. a4 Bc8 44. Bg2 a5 0-1

[Event "Provence-ch Majeur op 9899"]
[Site "France"]
[Date "1999.??.??"]
[Round "4"]
[White "Coolen, Olivier"]
[Black "Lenfant, Francois"]
[Result "0-1"]
[WhiteElo "1740"]
[BlackElo "2120"]
[PlyCount "104"]
[EventDate "1998.??.??"]
[EventType "swiss"]
[EventRounds "9"]
[EventCountry "FRA"]
[SourceTitle "EXT 2005"]
[Source "ChessBase"]
[SourceDate "2004.11.15"]
[SourceVersion "1"]
[SourceVersionDate "2004.11.15"]
[SourceQuality "1"]

1. c4 g6 2. Nc3 Bg7 3. Nf3 d6 4. g3 e5 5. Bg2 Nc6 6. d3 f5 7. Bg5 Nf6 8. Nd5 0-0 9. Qd2 Be6 10. Bxf6 Bxf6 11. Nxf6+ Qxf6 12. 0-0 Kg7 13. Qg5 Qf7 14. h4 h6 15. Qd2 Rad8 16. a3 d5 17. cxd5 Bxd5 18. Rac1 Kh7 19. Qc3 Rfe8 20. Rfe1 Re7 21. e4 fxe4 22. dxe4 Be6 23. Qe3 Bg4 24. Rc5 Rf8 25. Nh2 h5 26. Nxg4 hxg4 27. Rf1 Nd4 28. Qg5 Ne6 29. Qxe5 Nxc5 30. Qxc5 b6 31. Qg5 Qe6 32. h5 Ref7 33. e5 Rf5 34. Qxg4 Rxe5 35. hxg6+ Qxg6 36. Qd7+ Qg7 37. Qd3+ Kh8 38. Qc4 c5 39. b4 Qf6 40. bxc5 Rxc5 41. Qg4 Ra5 42. Be4 Rf7 43. Kg2 Rg5 44. Rh1+ Kg8 45. Qc8+ Rf8 46. Qc4+ Qf7 47. Bh7+ Kg7 48. Qd4+ Qf6 49. Qd7+ Rf7 50. Qd2 Qf3+ 51. Kg1 Rxg3+ 52. fxg3 Qf1+ 0-1

[Event "FRA-chT2S 9899"]
[Site "France"]
[Date "1999.??.??"]
[Round "9"]
[White "Lenfant, Francois"]
[Black "Poulenard, Raphael"]
[Result "0-1"]
[WhiteElo "2115"]
[BlackElo "2240"]
[PlyCount "66"]
[EventDate "1998.??.??"]
[EventType "team"]
[EventRounds "9"]
[EventCountry "FRA"]
[SourceTitle "EXT 2002"]
[Source "ChessBase"]
[SourceDate "2001.11.25"]
[SourceVersion "1"]
[SourceVersionDate "2001.11.25"]
[SourceQuality "1"]

1. e4 c5 2. Nc3 Nc6 3. g3 g6 4. Bg2 Bg7 5. d3 d6 6. f4 e6 7. Nf3 Nge7 8. 0-0 0-0 9. Be3 Nd4 10. e5 Nef5 11. Bf2 Nxf3+ 12. Qxf3 Nd4 13. Qd1 dxe5 14. fxe5 Bd7 15. Ne4 Bc6 16. c3 Nf5 17. Bxc5 Bxe5 18. Bxf8 Qxf8 19. Qe2 h5 20. d4 Bg7 21. Kh1 Qd8 22. Nc5 Bxg2+ 23. Kxg2 Qd5+ 24. Ne4 Nd6 25. Rf4 f5 26. c4 Nxc4 27. Rc1 b5 28. b3 Nd6 29. Rc5 Qb7 30. d5 Nxe4 31. Rxb5 Qd7 32. Qc4 Nd6 33. dxe6 Qxb5 0-1

[Event "Provence-ch Majeur op 9899"]
[Site "France"]
[Date "1999.??.??"]
[Round "6"]
[White "Vivian, J."]
[Black "Lenfant, Francois"]
[Result "0-1"]
[WhiteElo "1790"]
[BlackElo "2120"]
[PlyCount "52"]
[EventDate "1998.??.??"]
[EventType "swiss"]
[EventRounds "9"]
[EventCountry "FRA"]
[SourceTitle "EXT 2005"]
[Source "ChessBase"]
[SourceDate "2004.11.15"]
[SourceVersion "1"]
[SourceVersionDate "2004.11.15"]
[SourceQuality "1"]

1. Nf3 d5 2. b3 Bg4 3. Bb2 Nd7 4. c4 e6 5. cxd5 exd5 6. e3 Ngf6 7. Be2 Bd6 8. d3 0-0 9. Nbd2 Qe7 10. 0-0 Rfe8 11. Qc2 Nf8 12. Rae1 a5 13. Bd1 N8d7 14. Kh1 Qd8 15. e4 dxe4 16. dxe4 Bb4 17. a3 Bxd2 18. Nxd2 Be6 19. Re3 Ra6 20. Rg3 Rc6 21. Qd3 Nc5 22. Qxd8 Rxd8 23. Bxf6 Rxd2 24. Bxg7 Nxe4 25. Be5+ Nxg3+ 26. Bxg3 Rc1 0-1

[Event "FRA-chT2S 9899"]
[Site "France"]
[Date "1998.12.06"]
[Round "4"]
[White "Moncamp, Gilles"]
[Black "Lenfant, Francois"]
[Result "1-0"]
[WhiteElo "2230"]
[BlackElo "2120"]
[PlyCount "81"]
[EventDate "1998.??.??"]
[EventType "team"]
[EventRounds "9"]
[EventCountry "FRA"]
[SourceTitle "EXT 2002"]
[Source "ChessBase"]
[SourceDate "2001.11.25"]
[SourceVersion "1"]
[SourceVersionDate "2001.11.25"]
[SourceQuality "1"]

1. e4 e6 2. d4 d5 3. Nc3 Nf6 4. e5 Nfd7 5. Nce2 c5 6. c3 Nc6 7. Nf3 b5 8. Nf4 Rb8 9. Bd3 Qa5 10. Kf1 b4 11. Ne2 Ba6 12. h4 Bxd3 13. Qxd3 bxc3 14. bxc3 c4 15. Qc2 Ba3 16. Rh3 Bxc1 17. Qxc1 Nb6 18. Qg5 Rg8 19. Nh2 Qa3 20. Ng4 Ne7 21. h5 Qb2 22. Qc1 Qxc1+ 23. Rxc1 h6 24. Rb1 Nc6 25. Rg3 Ke7 26. Ne3 Na4 27. f4 Kd7 28. f5 Ne7 29. Rf3 Nxf5 30. Nxf5 exf5 31. Rxf5 Ke7 32. Rf3 Rgd8 33. Kg1 Rb2 34. Ng3 Rdb8 35. Rbf1 Rf8 36. Nf5+ Kd8 37. Nxg7 Rg8 38. Rxf7 Rxa2 39. e6 Nxc3 40. e7+ Kd7 41. e8Q+ 1-0

[Event "FRA-chT2S 9899"]
[Site "France"]
[Date "1998.10.18"]
[Round "1"]
[White "Lenfant, Francois"]
[Black "Marino, Olivier"]
[Result "1-0"]
[WhiteElo "2120"]
[BlackElo "2140"]
[PlyCount "67"]
[EventDate "1998.??.??"]
[EventType "team"]
[EventRounds "9"]
[EventCountry "FRA"]
[SourceTitle "EXT 2002"]
[Source "ChessBase"]
[SourceDate "2001.11.25"]
[SourceVersion "1"]
[SourceVersionDate "2001.11.25"]
[SourceQuality "1"]

1. d4 Nf6 2. c4 g6 3. Nc3 Bg7 4. e4 d6 5. Nf3 0-0 6. Bg5 Nbd7 7. Be2 e5 8. dxe5 dxe5 9. Qd2 c6 10. Rd1 Qa5 11. 0-0 Re8 12. a3 Nf8 13. Nd5 Qxd2 14. Nxf6+ Bxf6 15. Rxd2 Bxg5 16. Nxg5 f6 17. Nf3 Ne6 18. b4 c5 19. Bd1 b6 20. Ba4 Rd8 21. Bc6 Rxd2 22. Nxd2 Rb8 23. Nb3 Kf8 24. Rd1 Nd4 25. Nxd4 exd4 26. Rb1 Ba6 27. Bd5 Re8 28. f4 Ke7 29. Kf2 Kd6 30. Ke2 Bc8 31. Kd3 Be6 32. bxc5+ bxc5 33. Rb7 Re7 34. e5+ 1-0

[Event "Provence-ch Majeur op 9899"]
[Site "France"]
[Date "1998.??.??"]
[Round "3"]
[White "Lenfant, Francois"]
[Black "Fortuit, Emilie"]
[Result "0-1"]
[WhiteElo "2120"]
[BlackElo "1800"]
[PlyCount "82"]
[EventDate "1998.??.??"]
[EventType "swiss"]
[EventRounds "9"]
[EventCountry "FRA"]
[SourceTitle "EXT 2005"]
[Source "ChessBase"]
[SourceDate "2004.11.15"]
[SourceVersion "1"]
[SourceVersionDate "2004.11.15"]
[SourceQuality "1"]

1. c4 e5 2. Nc3 Nc6 3. Nf3 Nf6 4. g3 Bc5 5. Bg2 d6 6. 0-0 Bf5 7. d3 Qd7 8. Bg5 Bh3 9. Bxf6 gxf6 10. Nd5 Kd8 11. Nxf6 Qe6 12. Ng5 Qxf6 13. Nxh3 h5 14. a3 h4 15. Kh1 Qg6 16. Qd2 f6 17. b4 Bd4 18. Rac1 Qh6 19. Qxh6 Rxh6 20. e3 Bb6 21. c5 dxc5 22. bxc5 Ba5 23. d4 Ke7 24. d5 Nd8 25. g4 Rg6 26. Rc4 Nf7 27. d6+ cxd6 28. Bxb7 Rag8 29. c6 Bc7 30. f3 Nd8 31. Bc8 d5 32. Rc2 Ne6 33. Bxe6 Kxe6 34. Rb1 Bb6 35. Rb3 R6g7 36. a4 Rc8 37. Ra3 Kd6 38. a5 Bc5 39. Rac3 Rxc6 40. Nf2 Rgc7 41. Nd3 Bxe3 0-1

[Event "Provence-ch Majeur op 9697"]
[Site "France"]
[Date "1996.??.??"]
[Round "2"]
[White "Diaz, Mickael"]
[Black "Lenfant, Francois"]
[Result "1/2-1/2"]
[WhiteElo "1920"]
[BlackElo "2065"]
[PlyCount "22"]
[EventDate "1996.??.??"]
[EventType "swiss"]
[EventRounds "7"]
[EventCountry "FRA"]
[SourceTitle "EXT 2005"]
[Source "ChessBase"]
[SourceDate "2004.11.15"]
[SourceVersion "1"]
[SourceVersionDate "2004.11.15"]
[SourceQuality "1"]

1. d4 d5 2. Nf3 Nf6 3. Bg5 Nbd7 4. e3 c6 5. Bd3 Qa5+ 6. c3 Ne4 7. Bf4 Nef6 8. h3 g6 9. 0-0 Bg7 10. Nbd2 0-0 11. Re1 Re8 1/2-1/2